Australian aboriginal words and place names and their meanings (Record no. 83081)

MARC details
000 -LEADER
fixed length control field 00631nam a2200229Ia 4500
003 - CONTROL NUMBER IDENTIFIER
control field OSt
005 - DATE AND TIME OF LATEST TRANSACTION
control field 20220912152247.0
008 - FIXED-LENGTH DATA ELEMENTS--GENERAL INFORMATION
fixed length control field 220909b |||||||| |||| 00| 0 eng d
037 ## - SOURCE OF ACQUISITION
Terms of availability Textual
040 ## - CATALOGING SOURCE
Original cataloging agency CSL
Language of cataloging eng
Transcribing agency CSL
041 ## - LANGUAGE CODE
Language code of text/sound track or separate title eng
100 ## - MAIN ENTRY--PERSONAL NAME
Personal name Endacott S J Co.
245 #0 - TITLE STATEMENT
Title Australian aboriginal words and place names and their meanings
260 ## - PUBLICATION, DISTRIBUTION, ETC.
Date of publication, distribution, etc. 1956
300 ## - PHYSICAL DESCRIPTION
Extent p.
Dimensions cm.
942 ## - ADDED ENTRY ELEMENTS (KOHA)
Classification part Y172:3510P8k, 111J6 RR
Koha item type Textual
Source of classification or shelving scheme Colon Classification (CC)
Holdings
Withdrawn status Lost status Damaged status Not for loan Home library Current library Date acquired Total Checkouts Full call number Barcode Date last seen Price effective from Koha item type
        Central Science Library Central Science Library 2022-09-12   Y172:3510P8k 111J6 RR SL0114455 2022-09-12 2022-09-12 Textual
Copyright @ Delhi University Library System